[Event "Perenyi mem"]
[Site "Budapest"]
[Date "1989.??.??"]
[Round "?"]
[White "Greenfeld, Alon"]
[Black "Van der Sterren, Paul"]
[Result "1/2-1/2"]
[WhiteElo "2550"]
[BlackElo "2500"]
[EventDate "1989.??.??"]

1. d4 d5 2. c4 e6 3. Nc3 Nf6 4. cxd5 exd5 5. Bg5 Be7 6. e3 O-O 7. Bd3 c6 
8. Qc2 Nbd7 9. Nge2 Re8 10. O-O Nf8 11. f3 h6 12. Bh4 Ne6 13. Rad1 b6 14. 
Kh1 Bb7 15. Bf5 Nf8 16. e4 g6 17. Bh3 dxe4 18. Bxf6 Bxf6 19. fxe4 Bg7 20. 
Rf2 Re7 21. e5 1/2-1/2

[Event "Reggio Emilia-A 8990 32nd"]
[Site "Reggio Emilia"]
[Date "1989.??.??"]
[Round "10"]
[White "Ehlvest, Jaan"]
[Black "Andersson, Ulf"]
[Result "1/2-1/2"]
[WhiteElo "2600"]
[BlackElo "2620"]
[EventDate "1989.12.??"]

1. d4 Nf6 2. c4 e6 3. Nc3 d5 4. cxd5 exd5 5. Bg5 c6 6. e3 Bf5 7. Qf3 Be6 
8. Bxf6 Qxf6 9. Qxf6 gxf6 10. Nf3 Nd7 11. Bd3 Nb6 12. O-O-O Nc8 13. e4 Nb6
14. Rhe1 O-O-O 15. Nh4 Bb4 16. a3 dxe4 17. Rxe4 Bxc3 18. bxc3 Rd5 19. Rf4 
Ra5 20. Kb2 Nc4+ 21. Bxc4 Bxc4 22. Re1 Rd8 23. Nf5 Rb5+ 24. Kc2 Bb3+ 25. 
Kd3 Ra5 26. Ne3 Rxa3 27. Rxf6 c5 28. d5 Bxd5 29. Nxd5 Rxd5+ 30. Kc4 Rd7 
31. Re5 Kd8 32. Rxc5 1/2-1/2

[Event "Salamanca"]
[Site "Salamanca"]
[Date "1989.??.??"]
[Round "?"]
[White "Polgar, Zsuzsa"]
[Black "Giorgadze, Tamaz"]
[Result "1/2-1/2"]
[WhiteElo "2510"]
[BlackElo "2510"]
[EventDate "1989.04.??"]

1. d4 Nf6 2. c4 e6 3. Nc3 d5 4. cxd5 exd5 5. Bg5 c6 6. Qc2 Be7 7. e3 Nbd7 
8. Bd3 O-O 9. Nge2 Re8 10. O-O Nf8 11. f3 h6 12. Bh4 c5 13. Rad1 c4 14. 
Bf5 Be6 15. Bxe6 fxe6 16. e4 Rb8 17. Bxf6 Bxf6 18. exd5 exd5 19. Nf4 Ne6 
20. Ncxd5 Nxf4 21. Nxf4 b5 22. d5 Qd6 23. Nh5 Re5 24. Nxf6+ Qxf6 25. d6 
Qe6 26. Qd2 Rd8 27. d7 Qb6+ 28. Kh1 Re7 29. Qd5+ Kh8 30. Qf5 Qc6 31. Rd5 
g6 32. Qf4 Qxd5 33. Qf6+ Rg7 34. Qxd8+ Kh7 35. Re1 Qxd7 36. Qa5 1/2-1/2

[Event "Toronto"]
[Site "Toronto"]
[Date "1989.??.??"]
[Round "2"]
[White "Kovacevic, Vlatko"]
[Black "Hulak, Krunoslav"]
[Result "1/2-1/2"]
[WhiteElo "2545"]
[BlackElo "2515"]
[EventDate "1989.03.??"]

1. d4 d5 2. c4 e6 3. Nc3 Nf6 4. Bg5 Be7 5. e3 c6 6. Nf3 Nbd7 7. cxd5 exd5 
8. Qc2 O-O 9. Bd3 Re8 10. O-O Nf8 11. Rae1 Ne4 12. Bxe7 Qxe7 13. Bxe4 dxe4
14. Nd2 f5 15. f3 exf3 16. Nxf3 Be6 17. e4 fxe4 18. Nxe4 Qb4 19. a3 Qc4 
20. Qb1 Rad8 1/2-1/2

[Event "URS Army-chT"]
[Site "Leningrad"]
[Date "1989.??.??"]
[Round "?"]
[White "Orlov, Georgi"]
[Black "Kharitonov, Andrei Y"]
[Result "1/2-1/2"]
[WhiteElo "2515"]
[BlackElo "2505"]
[EventDate "1989.??.??"]

1. d4 Nf6 2. c4 e6 3. Nf3 d5 4. Nc3 Be7 5. Bg5 O-O 6. e3 Nbd7 7. Qc2 c6 8.
 cxd5 exd5 9. Bd3 Re8 10. O-O Nf8 11. Ne5 Ng4 12. Bxe7 Qxe7 13. Nxg4 Bxg4 
14. Rae1 1/2-1/2

[Event "Vidmar mem"]
[Site "Ljubljana/Portoroz"]
[Date "1989.??.??"]
[Round "?"]
[White "Bareev, Evgeny"]
[Black "Lobron, Eric"]
[Result "1-0"]
[WhiteElo "2555"]
[BlackElo "2555"]
[EventDate "1989.06.??"]

1. d4 d5 2. c4 e6 3. Nc3 Nf6 4. cxd5 exd5 5. Bg5 Be7 6. e3 c6 7. Bd3 Nbd7 
8. Qc2 O-O 9. Nge2 Re8 10. h3 Nf8 11. g4 N6d7 12. Bf4 Nb6 13. O-O-O Be6 
14. Rdg1 Rc8 15. g5 c5 16. h4 g6 17. h5 c4 18. Bxg6 fxg6 19. hxg6 hxg6 20.
 Be5 Bf5 21. Qd1 Nbd7 22. Rh8+ Kf7 23. Ng3 Nxe5 24. dxe5 Qd7 25. Rgh1 Red8
26. R1h4 Qe6 27. Nxf5 gxf5 28. R4h6 Rc6 29. Qh5+ Qg6 30. Rxg6 Rxg6 31. Rh6
d4 32. Rxg6 Nxg6 33. Qh7+ Kf8 34. e6 1-0

[Event "Vidmar mem"]
[Site "Ljubljana/Portoroz"]
[Date "1989.??.??"]
[Round "?"]
[White "Bischoff, Klaus"]
[Black "Kovacevic, Vlatko"]
[Result "1/2-1/2"]
[WhiteElo "2505"]
[BlackElo "2545"]
[EventDate "1989.06.??"]

1. c4 e6 2. Nc3 d5 3. d4 Nf6 4. cxd5 exd5 5. Bg5 Nbd7 6. e3 Be7 7. Bd3 c6 
8. Qc2 h6 9. Bh4 O-O 10. Nge2 Re8 11. h3 a5 12. f3 Nf8 13. Bf2 N6h7 14. h4
b5 15. g4 a4 16. Kf1 a3 17. b3 Ra7 18. Nf4 Bd6 19. Nce2 Rc7 20. Rc1 Bd7 
21. Kg2 1/2-1/2

[Event "WchT 2nd"]
[Site "Luzern"]
[Date "1989.??.??"]
[Round "?"]
[White "Karpov, Anatoly"]
[Black "Short, Nigel D"]
[Result "1-0"]
[WhiteElo "2755"]
[BlackElo "2660"]
[EventDate "1989.10.??"]

1. d4 Nf6 2. c4 e6 3. Nc3 d5 4. cxd5 exd5 5. Bg5 Be7 6. e3 c6 7. Bd3 Nbd7 
8. Nf3 O-O 9. Qc2 Re8 10. O-O Nf8 11. h3 g6 12. Bh6 Nh5 13. Rab1 Ng7 14. 
b4 a6 15. Bxg7 Kxg7 16. Na4 Bd6 17. Nc5 Qf6 18. Rfc1 Ne6 19. Qd1 h6 20. a4
Re7 21. Bf1 Ng5 22. Nxg5 Qxg5 23. Qf3 h5 24. e4 Bg4 25. Qd3 dxe4 26. Nxe4 
Rxe4 27. Qxe4 Bf5 28. Qf3 Bxb1 29. Rxb1 h4 30. Bc4 Rf8 31. b5 cxb5 32. 
axb5 a5 33. b6 a4 34. Qxb7 Qf4 35. Kf1 Qxd4 36. Qd5 Qf6 37. Rd1 Be5 38. 
Qc5 a3 39. b7 Qf4 40. Bb3 Qh2 41. Rd7 Bf6 42. Qc7 Qxc7 43. Rxc7 Be5 44. 
Rc8 g5 45. Ke2 f5 46. Kd3 g4 47. f3 gxh3 48. gxh3 Bf4 49. Kd4 Bd6 50. Kd5 
Bg3 51. Kc5 Be5 52. Ba2 Bf4 53. Kb5 Bg3 54. Ka4 Bd6 55. Bc4 Rf6 56. Kb3 
Rg6 57. b8=Q Bxb8 58. Rxb8 Rg3 59. Rg8+ Kf6 60. Rxg3 hxg3 61. Bf1 Kg5 62. 
Bg2 Kf4 63. h4 Ke3 64. h5 Kf2 65. Bh3 Kxf3 66. h6 1-0

[Event "Balkaniad"]
[Site "Kavala"]
[Date "1990.??.??"]
[Round "6"]
[White "Inkiov, Ventzislav"]
[Black "Kotronias, Vasilios"]
[Result "1/2-1/2"]
[WhiteElo "2510"]
[BlackElo "2500"]
[EventDate "1990.10.??"]

1. d4 Nf6 2. c4 e6 3. Nf3 d5 4. cxd5 exd5 5. Nc3 c6 6. Bg5 Be7 7. e3 Bf5 
8. Bxf6 Bxf6 9. Bd3 Bxd3 10. Qxd3 O-O 11. O-O 1/2-1/2

[Event "Berlin Mephisto 1st"]
[Site "Berlin East"]
[Date "1990.05.16"]
[Round "1"]
[White "Hort, Vlastimil"]
[Black "Boensch, Uwe"]
[Result "1/2-1/2"]
[WhiteElo "2560"]
[BlackElo "2530"]
[EventDate "1990.05.16"]

1. d4 Nf6 2. c4 e6 3. Nc3 d5 4. cxd5 exd5 5. Bg5 Be7 6. e3 c6 7. Bd3 O-O 
8. Qc2 Nbd7 9. Nge2 Re8 10. h3 Nf8 11. g4 a5 12. a3 Kh8 13. Bf4 Bd6 14. 
Bg3 Be6 15. Nf4 Qe7 16. Nce2 Bd7 17. O-O-O b5 18. Nh5 Nxh5 19. gxh5 Rec8 
20. Bxd6 Qxd6 21. Kb1 b4 22. a4 c5 23. dxc5 Rxc5 24. Qb3 Qf6 25. Nf4 Be6 
26. Rc1 Rac8 27. Rxc5 Rxc5 28. Rc1 Rxc1+ 29. Kxc1 g5 30. hxg6 1/2-1/2

[Event "Dortmunder Schachtage-A 18th"]
[Site "Dortmund"]
[Date "1990.04.09"]
[Round "5"]
[White "Lobron, Eric"]
[Black "Boensch, Uwe"]
[Result "1/2-1/2"]
[WhiteElo "2545"]
[BlackElo "2530"]
[EventDate "1990.04.05"]

1. c4 e6 2. Nc3 d5 3. d4 Nf6 4. cxd5 exd5 5. Bg5 Be7 6. e3 O-O 7. Bd3 Nbd7
8. Qc2 c6 9. Nf3 Re8 10. O-O Nf8 11. Rab1 Bd6 12. Rbe1 Bd7 13. e4 dxe4 14.
 Nxe4 Be7 15. Nc5 Bxc5 16. dxc5 Rxe1 17. Rxe1 Be6 18. a3 Qd5 19. Bxf6 gxf6
20. Qc3 Kg7 21. Re4 Ng6 22. Rd4 Qh5 23. Bxg6 Qxg6 24. h3 Rg8 25. Nh4 Qg5 
26. Kh2 Kh8 27. b4 Qh6 28. Qd2 Qg5 29. Qf4 a5 30. Qe3 axb4 31. axb4 Qe5+ 
32. Rf4 Rd8 33. Nf3 Qxe3 34. fxe3 Rd3 35. Rxf6 Kg7 36. Rf4 Rxe3 37. Nd4 
Re5 38. Kg1 Kg6 39. Kf2 Bd5 40. g4 h5 41. gxh5+ Rxh5 42. h4 f5 43. Ne2 Rh7
44. Ng3 Be6 45. Ke3 Kf6 46. Ne4+ Ke5 47. Ng5 Rh5 48. Nf3+ Kf6 49. Nd4 
1/2-1/2

[Event "Dortmunder Schachtage-A 18th"]
[Site "Dortmund"]
[Date "1990.04.15"]
[Round "10"]
[White "Browne, Walter S"]
[Black "Lobron, Eric"]
[Result "0-1"]
[WhiteElo "2560"]
[BlackElo "2545"]
[EventDate "1990.04.05"]

1. d4 Nf6 2. c4 e6 3. Nf3 d5 4. Nc3 Be7 5. cxd5 exd5 6. Bg5 O-O 7. e3 Nbd7
8. Bd3 Re8 9. Qc2 c6 10. O-O Nf8 11. h3 g6 12. Bh6 Nh5 13. Rab1 Ng7 14. b4
a6 15. a4 Bd6 16. b5 Nf5 17. Bxf8 Kxf8 18. bxc6 bxc6 19. e4 dxe4 20. Nxe4 
Be6 21. Neg5 Nh4 22. Nxh4 Qxg5 23. Qxc6 Rad8 24. Nf3 Qh5 25. Rfe1 Kg7 26. 
Bc4 Bxc4 27. Qxc4 Rxe1+ 28. Rxe1 Qa5 29. Qc6 Bb8 30. Kf1 Rd6 31. Qc8 Rb6 
32. Re8 Rb1+ 33. Ne1 Bd6 34. Qc2 Qb6 35. d5 Bc5 36. Re2 Ra1 37. g3 Qb4 38.
 Kg2 Bd4 39. Re4 Rxe1 40. Rxe1 Qxe1 41. d6 Qe6 0-1

[Event "FRA-NED"]
[Site "Cannes"]
[Date "1990.??.??"]
[Round "2"]
[White "Timman, Jan H"]
[Black "Spassky, Boris V"]
[Result "1/2-1/2"]
[WhiteElo "2680"]
[BlackElo "2560"]
[EventDate "1990.02.??"]

1. d4 Nf6 2. c4 e6 3. Nc3 d5 4. cxd5 exd5 5. Bg5 Be7 6. e3 O-O 7. Bd3 Nbd7
8. Qc2 Re8 9. Nf3 c6 10. O-O Nf8 11. h3 Be6 12. a3 Nh5 13. Bxe7 Qxe7 14. 
b4 g6 15. b5 cxb5 16. Bxb5 Rec8 17. Qb3 Nf6 18. Bd3 N8d7 19. Rfc1 Nb6 20. 
Nd2 Rc6 21. Na4 Nxa4 22. Qxa4 Rc7 23. Nb3 Ne4 24. Rxc7 Qxc7 25. Rc1 Qe7 
26. Bxe4 dxe4 27. Nc5 Bd5 28. Qd7 Qd8 29. Qxd8+ Rxd8 30. Na4 Bc6 31. Rc4 
Rd5 32. Nc3 Ra5 33. a4 h5 34. h4 Kg7 35. Kh2 Rf5 36. Kg3 g5 37. d5 Bxd5 
38. Nxd5 Rxd5 39. Rxe4 gxh4+ 40. Kxh4 Kg6 41. Rb4 b6 1/2-1/2

[Event "Munich"]
[Site "Munich"]
[Date "1990.??.??"]
[Round "?"]
[White "Bischoff, Klaus"]
[Black "Van der Sterren, Paul"]
[Result "1/2-1/2"]
[WhiteElo "2505"]
[BlackElo "2515"]
[EventDate "1990.04.??"]

1. c4 e6 2. Nc3 d5 3. d4 Nf6 4. cxd5 exd5 5. Bg5 Be7 6. e3 O-O 7. Bd3 Nbd7
8. Nf3 c6 9. Qc2 Re8 10. h3 Nf8 11. O-O-O Be6 12. Kb1 Qa5 13. g4 Ne4 14. 
Bxe7 Nxc3+ 15. Qxc3 Qxc3 16. bxc3 Rxe7 17. Kc2 c5 18. Rb1 c4 19. Be2 Bd7 
20. Kd2 b5 21. Ne1 Bc6 22. Nc2 a5 23. a4 b4 24. cxb4 Bxa4 25. bxa5 Bxc2 
26. Kxc2 Rxa5 27. Ra1 Rea7 28. Rxa5 Rxa5 29. Rb1 g5 30. Bf3 Nd7 31. Rb7 
Nf6 32. Rb6 Kg7 33. Kb2 Ra7 34. Rb5 Rd7 35. Rb6 Ra7 36. Rb5 Rd7 37. Rb6 
1/2-1/2

[Event "Munich"]
[Site "Munich"]
[Date "1990.??.??"]
[Round "?"]
[White "Gulko, Boris F"]
[Black "Van der Sterren, Paul"]
[Result "1/2-1/2"]
[WhiteElo "2610"]
[BlackElo "2515"]
[EventDate "1990.04.??"]

1. d4 Nf6 2. c4 e6 3. Nc3 d5 4. cxd5 exd5 5. Bg5 c6 6. Qc2 Be7 7. e3 O-O 
8. Bd3 Nbd7 9. Nge2 Re8 10. O-O Nf8 11. a3 Be6 12. b4 Rc8 13. f3 Ng6 14. 
e4 dxe4 15. fxe4 a5 16. h3 axb4 17. axb4 Bxb4 18. Bxf6 gxf6 19. Rab1 Ba5 
20. Rxb7 Bb6 21. Qa4 c5 22. Nd5 Bxd5 23. exd5 Re7 24. Rxe7 Qxe7 25. Qa6 
Rb8 26. Rb1 Qc7 27. Qc4 cxd4 28. Qxc7 Bxc7 29. Rxb8+ Bxb8 30. Be4 Ne7 31. 
Kf1 f5 32. Bd3 Be5 33. d6 Bxd6 1/2-1/2

[Event "Novi Sad ol (Men)"]
[Site "Novi Sad"]
[Date "1990.??.??"]
[Round "12"]
[White "Boensch, Uwe"]
[Black "Nogueiras, Jesus"]
[Result "1/2-1/2"]
[WhiteElo "2510"]
[BlackElo "2550"]
[EventDate "1990.11.??"]

1. d4 e6 2. c4 Nf6 3. Nc3 d5 4. cxd5 exd5 5. Bg5 c6 6. e3 Be7 7. Bd3 Nbd7 
8. Qc2 Nh5 9. Bxe7 Qxe7 10. Nge2 Nb6 11. O-O g6 12. Rfe1 O-O 13. Rad1 
1/2-1/2

[Event "Novi Sad ol (Men)"]
[Site "Novi Sad"]
[Date "1990.??.??"]
[Round "12"]
[White "Christiansen, Larry Mark"]
[Black "Kovacevic, Vlatko"]
[Result "0-1"]
[WhiteElo "2595"]
[BlackElo "2530"]
[EventDate "1990.11.??"]

1. d4 e6 2. c4 d5 3. Nc3 Nf6 4. cxd5 exd5 5. Bg5 Nbd7 6. e3 Be7 7. Bd3 c6 
8. Qc2 O-O 9. Nf3 Re8 10. O-O a5 11. Rae1 h6 12. Bf4 Nf8 13. h3 Be6 14. 
Bh2 N6d7 15. Rd1 Nb6 16. Ne5 Bd6 17. Ne2 f6 18. Ng6 Nc8 19. Nef4 Bf7 20. 
Nxf8 Kxf8 21. Bg3 Bc7 22. Rfe1 Nd6 23. Bh2 Qd7 24. Bh7 g5 25. Ne2 Kg7 26. 
Ng3 Re7 27. Bf5 Qe8 28. Qc5 Nc4 29. e4 Bd6 30. Qxd6 Nxd6 31. e5 fxe5 32. 
Rxe5 Rxe5 33. dxe5 Nxf5 34. Nxf5+ Kh7 35. Re1 Rd8 36. f4 d4 37. fxg5 hxg5 
38. Ng3 Bg6 39. e6 d3 0-1

[Event "Ostend op"]
[Site "Ostend"]
[Date "1990.??.??"]
[Round "?"]
[White "Vladimirov, Evgeny"]
[Black "Van der Sterren, Paul"]
[Result "1-0"]
[WhiteElo "2565"]
[BlackElo "2515"]
[EventDate "1990.09.??"]

1. d4 Nf6 2. c4 e6 3. Nc3 d5 4. cxd5 exd5 5. Bg5 Be7 6. e3 O-O 7. Bd3 c6 
8. Nge2 Nbd7 9. Qc2 Re8 10. O-O-O Nf8 11. h3 a5 12. g4 b5 13. Kb1 a4 14. 
Ng3 Qa5 15. Nce2 b4 16. Qxc6 Bd7 17. Qc1 Ne6 18. Bxf6 Bxf6 19. Qd2 g6 20. 
h4 Bg7 21. g5 Qb6 22. f4 Nc7 23. f5 Nb5 24. Bxb5 Bxb5 25. f6 Bf8 26. h5 
Ra7 27. Nf4 Rd8 28. hxg6 fxg6 29. Nxg6 hxg6 30. Qc2 Be8 31. Qh2 Kf7 32. 
Qh7+ Ke6 33. f7 Bc6 34. Qxg6+ Kd7 35. Rh8 Ra6 36. Qf5+ Kc7 37. Qe5+ Kc8 
38. Rc1 Qb5 39. Rxf8 Rxf8 40. Qe8+ Kc7 41. Qe7+ Kb6 42. Qxf8 1-0

[Event "Stara Zagora zt-B"]
[Site "Stara Zagora"]
[Date "1990.??.??"]
[Round "9"]
[White "Knaak, Rainer"]
[Black "Boensch, Uwe"]
[Result "1/2-1/2"]
[WhiteElo "2500"]
[BlackElo "2530"]
[EventDate "1990.02.??"]

1. d4 d5 2. c4 e6 3. Nc3 Nf6 4. cxd5 exd5 5. Bg5 Be7 6. e3 O-O 7. Bd3 Nbd7
8. Qc2 c6 9. Nf3 Re8 10. O-O-O Nf8 11. h3 Be6 12. g4 Qa5 13. Kb1 Rac8 14. 
Rc1 Ne4 15. Bxe4 dxe4 16. Bxe7 Rxe7 17. Nd2 Rce8 18. a3 Bd5 1/2-1/2

[Event "Altensteig"]
[Site "Altensteig"]
[Date "1991.??.??"]
[Round "3"]
[White "Chernin, Alexander"]
[Black "Boensch, Uwe"]
[Result "1-0"]
[WhiteElo "2605"]
[BlackElo "2560"]
[EventDate "1991.07.??"]

1. d4 Nf6 2. c4 e6 3. Nc3 d5 4. cxd5 exd5 5. Bg5 Be7 6. e3 c6 7. Qc2 Nbd7 
8. Bd3 O-O 9. Nge2 Re8 10. h3 Nf8 11. O-O-O a5 12. g4 Kh8 13. Rdg1 b5 14. 
Kb1 a4 15. Ng3 Qa5 16. Nce2 a3 17. b3 Bd7 18. Nh5 Ne4 19. Bxe7 Rxe7 20. 
Bxe4 Rxe4 21. Neg3 Re7 22. Nf5 Bxf5 23. gxf5 f6 24. Rg4 Raa7 25. Re1 Rf7 
26. Rc1 Rac7 27. Nf4 Qa8 28. Nd3 Nd7 29. Qc3 Qc8 30. Rf4 Nf8 31. Nb4 g5 
32. Rf3 Qe8 33. Qd3 Rc8 34. Rg3 Rfc7 35. h4 gxh4 36. Rg4 Rg7 37. Rxh4 Qd7 
38. Qc3 Rg8 39. Rf4 Qd6 40. Qc5 Qxc5 41. Rxc5 Rg1+ 42. Kc2 Ra1 43. Kd2 Nd7
44. Rc2 c5 45. Nxd5 c4 46. e4 c3+ 47. Ke2 Rxa2 48. Rxa2 c2 49. Ra1 c1=Q 
50. Rxc1 Rxc1 51. Nb4 Rb1 52. Rf3 Nb8 53. Rc3 Rb2+ 54. Kd3 Na6 55. Rc8+ 
Kg7 56. Kc3 Rxf2 57. Ra8 Rf3+ 58. Nd3 Nb4 59. Kxb4 Rxd3 60. d5 1-0

[Event "Brno Morava-A"]
[Site "Brno"]
[Date "1991.??.??"]
[Round "4"]
[White "Murshed, Niaz"]
[Black "Boensch, Uwe"]
[Result "1/2-1/2"]
[WhiteElo "2510"]
[BlackElo "2560"]
[EventDate "1991.09.??"]

1. d4 Nf6 2. c4 e6 3. Nc3 d5 4. cxd5 exd5 5. Bg5 Be7 6. e3 c6 7. Bd3 Nbd7 
8. Nf3 O-O 9. Qc2 Re8 10. O-O Nf8 11. Rae1 Be6 12. Ne5 N6d7 13. Bxe7 Qxe7 
14. f4 f6 15. Nf3 Nb6 16. Ne2 Nc8 17. f5 Bf7 18. Nf4 Nd6 19. g4 Ne4 20. 
Nd2 Nxd2 21. Qxd2 Qd6 22. h4 h6 23. Rf3 Nh7 24. Qc2 Re7 25. Qf2 Rae8 26. 
b3 a6 27. Kg2 1/2-1/2

[Event "Calcutta"]
[Site "Calcutta"]
[Date "1991.??.??"]
[Round "?"]
[White "Barua, Dibyendu"]
[Black "Ye Rongguang"]
[Result "1-0"]
[WhiteElo "2515"]
[BlackElo "2545"]
[EventDate "1991.01.??"]

1. e4 c6 2. d4 d5 3. exd5 cxd5 4. Bd3 Nc6 5. c3 Nf6 6. Nf3 Bg4 7. O-O e6 
8. Bg5 h6 9. Bh4 Be7 10. Nbd2 O-O 11. Re1 Rc8 12. h3 Bxf3 13. Nxf3 Na5 14.
 Ne5 Nc4 15. Nxc4 dxc4 16. Bc2 a6 17. Qe2 b5 18. Rad1 Nd5 19. Qe4 g6 20. 
Bxe7 Nxe7 21. Qf4 Kg7 22. Qe5+ Kh7 23. h4 Qd5 24. Qf4 Kg7 25. Be4 Qd7 26. 
Qe5+ Kh7 27. h5 Rce8 28. Qf6 Nf5 29. d5 exd5 30. Rxd5 Qc8 31. Rxf5 Qxf5 
32. Bxf5 Rxe1+ 33. Kh2 gxf5 34. Qxa6 Re5 35. Qf6 Rd5 36. f4 1-0

[Event "Cheliabinsk-A"]
[Site "Cheliabinsk"]
[Date "1991.??.??"]
[Round "?"]
[White "Vyzmanavin, Alexey"]
[Black "Magerramov, Elmar"]
[Result "1/2-1/2"]
[WhiteElo "2590"]
[BlackElo "2560"]
[EventDate "1991.12.??"]

1. d4 d5 2. c4 e6 3. Nc3 Nf6 4. cxd5 exd5 5. Bg5 Be7 6. e3 c6 7. Qc2 Nbd7 
8. Bd3 O-O 9. Nf3 Re8 10. O-O Nf8 11. Ne5 Ng4 12. Bxe7 Qxe7 13. Nxg4 Bxg4 
1/2-1/2

[Event "Copenhagen op"]
[Site "Copenhagen"]
[Date "1991.??.??"]
[Round "9"]
[White "Kishnev, Sergey"]
[Black "Novikov, Igor A"]
[Result "1/2-1/2"]
[WhiteElo "2520"]
[BlackElo "2545"]
[EventDate "1991.06.??"]

1. d4 d5 2. c4 e6 3. Nc3 c6 4. Nf3 Nf6 5. cxd5 exd5 6. Bg5 Be7 7. e3 Bf5 
8. Bd3 Bxd3 9. Qxd3 Nbd7 10. O-O O-O 11. Rab1 a5 12. Rfe1 1/2-1/2

[Event "Munich SKA"]
[Site "Munich"]
[Date "1991.05.10"]
[Round "6"]
[White "Hort, Vlastimil"]
[Black "Beliavsky, Alexander G"]
[Result "1/2-1/2"]
[WhiteElo "2540"]
[BlackElo "2640"]
[EventDate "1991.05.04"]

1. d4 Nf6 2. Nf3 d5 3. c4 e6 4. cxd5 exd5 5. Bg5 c6 6. Nc3 Be7 7. Qc2 Nbd7
8. e3 Nf8 9. Bd3 Ne6 10. Bh4 g6 11. h3 Ng7 12. g4 Be6 13. O-O-O Nd7 14. 
Bg3 O-O 15. Kb1 Rc8 16. Qb3 b5 17. Rc1 a5 18. Qd1 a4 19. Ne5 Nxe5 20. Bxe5
f6 21. Bg3 Qa5 22. Ne2 b4 23. Nf4 a3 24. b3 c5 1/2-1/2

[Event "Niksic"]
[Site "Niksic"]
[Date "1991.??.??"]
[Round "8"]
[White "Sokolov, Ivan"]
[Black "Akopian, Vladimir"]
[Result "1-0"]
[WhiteElo "2570"]
[BlackElo "2555"]
[EventDate "1991.04.??"]

1. d4 Nf6 2. c4 e6 3. Nc3 d5 4. cxd5 exd5 5. Bg5 Be7 6. e3 c6 7. Bd3 Nbd7 
8. Qc2 O-O 9. Nf3 Re8 10. h3 Nf8 11. O-O Ng6 12. Ne5 Nxe5 13. dxe5 Nd7 14.
 Bxe7 Qxe7 15. f4 Nf8 16. Qf2 b6 17. e4 Bb7 18. Rad1 Ne6 19. exd5 cxd5 20.
 Nb5 Nc5 21. Nd6 Red8 22. Rfe1 a5 23. Bb1 Bc6 24. Nf5 Qe6 25. Qh4 g6 26. 
Nh6+ Kf8 27. f5 Qe7 28. f6 Qc7 29. Nf5 h5 30. Qg5 Ne6 31. Qh6+ Ke8 32. 
Nd6+ Rxd6 33. exd6 Qxd6 34. Qh7 Kd8 35. Qxf7 Nf4 36. Qe7+ Qxe7 37. Rxe7 
1-0

[Event "Niksic"]
[Site "Niksic"]
[Date "1991.??.??"]
[Round "12"]
[White "Sokolov, Ivan"]
[Black "Ziatdinov, Raset"]
[Result "1/2-1/2"]
[WhiteElo "2570"]
[BlackElo "2515"]
[EventDate "1991.04.??"]

1. d4 d5 2. c4 e6 3. Nc3 Nf6 4. cxd5 exd5 5. Bg5 Be7 6. e3 O-O 7. Bd3 Nbd7
8. Qc2 c6 9. Nf3 Re8 10. O-O Nf8 11. h3 a6 12. Rab1 Ng6 13. Ne5 Nd7 14. 
Bxe7 Rxe7 15. f4 Ngf8 16. Rbe1 f6 17. Nf3 Nb6 18. f5 Bd7 19. b4 Be8 20. a4
Bf7 21. a5 Nc8 22. e4 dxe4 23. Nxe4 Nd6 24. Nc5 Bd5 25. Qf2 Qc7 26. Qg3 
Rd8 27. Rxe7 Qxe7 28. Re1 Qf7 29. Nh2 Bc4 30. Ng4 Kh8 31. Bb1 Nb5 32. Ne3 
Nxd4 33. Nxc4 Qxc4 34. Nxb7 Rd5 35. Be4 Rd7 36. Nc5 Rd8 37. Nb7 Rd7 38. 
Nc5 Rd8 39. Nb7 Rd7 40. Nc5 1/2-1/2

[Event "Nimes op"]
[Site "Nimes"]
[Date "1991.??.??"]
[Round "9"]
[White "Gavrikov, Viktor"]
[Black "Lerner, Konstantin Z"]
[Result "1/2-1/2"]
[WhiteElo "2580"]
[BlackElo "2545"]
[EventDate "1991.04.??"]

1. d4 Nf6 2. Nf3 d5 3. c4 e6 4. Nc3 Nbd7 5. cxd5 exd5 6. Bg5 Be7 7. e3 O-O
8. Qc2 Re8 9. Bd3 c6 10. O-O h6 11. Bf4 Nf8 12. Rab1 Nh5 13. Be5 Bg4 14. 
Nd2 Bd6 15. h3 Bc8 16. Bxd6 Qxd6 17. b4 a6 18. a4 Be6 19. b5 cxb5 20. axb5
a5 21. b6 Rec8 22. Rfc1 Nf6 23. Qd1 Bd7 24. Nb5 1/2-1/2

[Event "Pamplona op"]
[Site "Pamplona"]
[Date "1991.??.??"]
[Round "?"]
[White "Eingorn, Vereslav S"]
[Black "Arencibia Rodriguez, Walter"]
[Result "1/2-1/2"]
[WhiteElo "2575"]
[BlackElo "2530"]
[EventDate "1991.??.??"]

1. d4 d5 2. c4 e6 3. Nf3 Nf6 4. Nc3 Be7 5. Bg5 Nbd7 6. cxd5 exd5 7. e3 c6 
8. Qc2 O-O 9. Bd3 Re8 10. h3 Nf8 11. O-O 1/2-1/2

[Event "Reggio Emilia Top16 33rd"]
[Site "Reggio Emilia"]
[Date "1991.??.??"]
[Round "?"]
[White "Andersson, Ulf"]
[Black "Ehlvest, Jaan"]
[Result "1/2-1/2"]
[WhiteElo "2640"]
[BlackElo "2650"]
[EventDate "1991.01.??"]

1. Nf3 d5 2. d4 Nf6 3. c4 e6 4. Nc3 c6 5. cxd5 exd5 6. Bg5 Be7 7. Qc2 Na6 
8. e3 Nb4 9. Qd2 Bf5 10. Bxf6 Bxf6 11. Rc1 a5 12. a3 Na6 13. h3 Nb8 14. 
Bd3 Bxd3 15. Qxd3 O-O 16. O-O Nd7 17. Rc2 Be7 18. Rb1 1/2-1/2

[Event "URS-chT"]
[Site "Azov"]
[Date "1991.??.??"]
[Round "?"]
[White "Kiselev, Sergey"]
[Black "Lerner, Konstantin Z"]
[Result "1/2-1/2"]
[WhiteElo "2510"]
[BlackElo "2540"]
[EventDate "1991.??.??"]

1. d4 Nf6 2. c4 e6 3. Nf3 d5 4. Nc3 Nbd7 5. cxd5 exd5 6. Bg5 Be7 7. Qc2 
O-O 8. e3 Re8 9. Bd3 c6 10. O-O Nf8 11. Rfc1 Ng6 12. Rab1 Bd6 13. Bf5 h6 
14. Bxf6 Qxf6 15. Bxc8 Raxc8 16. b4 Nh4 17. Nxh4 Qxh4 18. g3 Qh3 19. b5 h5
20. bxc6 bxc6 21. e4 h4 22. e5 Bc7 23. Ne2 hxg3 24. hxg3 Bb6 25. Qd3 g5 
26. Rb3 Re6 27. Qf3 f6 28. exf6 Kf7 29. Re3 Rxf6 30. Qg2 Qxg2+ 31. Kxg2 
Re8 32. g4 Ree6 33. Rh1 Rh6 34. Rf3+ Kg6 35. Rxh6+ Kxh6 36. Ng3 Kg6 37. 
Rd3 Re1 38. Rc3 Re6 39. Nf5 Kf7 40. Rh3 Kg8 41. Kf1 Re4 42. Rd3 Kf8 43. f3
Re6 44. Ra3 Kf7 45. Rc3 1/2-1/2

[Event "YUG-Cup 34th"]
[Site "Pula"]
[Date "1991.05.15"]
[Round "2"]
[White "Cebalo, Miso"]
[Black "Smagin, Sergey"]
[Result "1/2-1/2"]
[WhiteElo "2540"]
[BlackElo "2550"]
[EventDate "1991.??.??"]

1. d4 Nf6 2. Nf3 d5 3. c4 e6 4. Nc3 Nbd7 5. cxd5 exd5 6. Bg5 Be7 7. Qc2 
O-O 8. e3 Re8 9. Bd3 Nf8 10. O-O c6 11. h3 g6 12. Bxf6 Bxf6 13. b4 Be6 14.
 b5 c5 15. dxc5 Rc8 16. Nd4 Rxc5 17. Qb3 Nd7 18. Na4 Rc8 19. Rac1 Rxc1 20.
 Rxc1 Bxd4 21. exd4 Bxh3 22. Qxd5 Be6 23. Qxb7 Qg5 24. Qc7 Bxa2 25. Bf1 
Nf6 26. Rc5 Qh4 27. Nc3 Re1 28. Qd8+ Re8 29. Qd6 Ng4 30. Qg3 Qxg3 31. fxg3
Be6 32. Be2 Nf6 33. Bf3 Rd8 34. d5 Rc8 35. Rc6 Bd7 36. Rxf6 Rxc3 37. b6 
1/2-1/2

[Event "Alekhine op"]
[Site "Moscow"]
[Date "1992.??.??"]
[Round "?"]
[White "Lerner, Konstantin Z"]
[Black "Lputian, Smbat G"]
[Result "1/2-1/2"]
[WhiteElo "2530"]
[BlackElo "2585"]
[EventDate "1992.10.??"]

1. d4 d5 2. c4 e6 3. Nc3 Be7 4. cxd5 exd5 5. Bf4 c6 6. e3 Bd6 7. Bxd6 Qxd6
8. Bd3 Ne7 9. Qc2 b6 10. Nf3 Ba6 11. Bxa6 Nxa6 12. O-O O-O 13. Rfd1 Nc7 
14. Rab1 Rfc8 15. b4 Nb5 16. Rb3 Nxc3 17. Qxc3 Rc7 18. Rc1 Rac8 19. Qb2 
Ng6 20. Rbc3 Nf8 21. Ne5 c5 22. bxc5 bxc5 23. Rxc5 Rxc5 24. dxc5 Rxc5 25. 
Rxc5 Qxc5 26. h3 Qd6 27. Qc3 h6 28. Nc6 a6 29. Nd4 Ne6 30. Nf5 Qd7 31. Qd3
Nc7 32. g4 Kh7 33. e4 Qc6 34. exd5 Qxd5 1/2-1/2